000 00565nam a2200229 a 4500
999 _c6167
_d6167
001 6167
003 BD-JhCC
005 20180115115608.0
008 180114s2003 bg |||| || | 00| 0 ben d
020 _a9840743392
035 _a(BD-JhCC)6167
040 _aBD-JhCC
_dBD-JhCC
041 _aben
082 _a891.4415
_bHUD 2003
100 _aHuda, Mohammad Nurul
245 _aSelected Poems /
_cMohammad Nurul Huda
260 _aDhaka :
_bBangla Academy,
_c2003.
300 _a174 p. :
_c22 cm.
650 _aBengali Poem
942 _2ddc
_cBK